Razzie Worst Picture Quiz Stats

 Plays Quiz Updated Mar 4, 2021

Support Sporcle.
Go Orange.
Score 0/42 Timer 07:00
0 Plays Today
Year Movie % Correct
2004Catwoman
59%
2003Gigli
57.7%
2008The Love Guru
52.7%
1995Showgirls
48%
2001Freddy Got Fingered
45.2%
2019Cats
44.5%
2011Jack and Jill
44%
2015Fifty Shades of Grey
43.3%
1996Striptease
43.2%
2006Basic Instinct 2
38%
1999Wild Wild West
36.7%
2000Battlefield Earth
35.8%
2007I Know Who Killed Me
34.7%
2018Holmes & Watson
32.7%
1997The Postman
30.4%
2012The Twilight Saga: Breaking Dawn - Part 2
22.7%
2017The Emoji Movie
21.6%
1989Star Trek V: The Final Frontier
21.5%
1988Cocktail
20.1%
2002Swept Away
18.3%
1991Hudson Hawk
18%
Year Movie % Correct
2020Absolute Proof
17.3%
2015Fantastic Four
16.4%
1985Rambo: First Blood Part II
15.8%
2014Saving Christmas
15.4%
1986Howard the Duck and Under the Cherry Moon
14.6%
2009Transformers: Revenge Of The Fallen
13.6%
1987Leonard Part 6
13.4%
1981Mommie Dearest
12.4%
1990The Adventures of Ford Fairlane and Ghosts Can't Do It
11.8%
2016Hillary's America: The Secret History of the Democratic Party
10.9%
1993Indecent Proposal
8.5%
2013Movie 43
7.7%
1984Bolero
5.9%
1994Color of Night
5.8%
2005Dirty Love
5.2%
1982Inchon
4%
1983The Lonely Lady
2.6%
2010Avatar: The Last Airbender
2.5%
1998An Alan Smithee Film: Burn Hollywood Burn
2.4%
1980Can't Stop the Music
2.4%
1992Shining Through
2.1%

From the Vault

Even-Lettered African Countries

by eyes355

Geography 90s
Well otherwise they would just be left feeling... odd.
Remove Ads.
Support Sporcle.
Get the best of Sporcle when you Go Orange. This ad-free experience offers more features, more stats, and more fun while also helping to support Sporcle. Thank you for becoming a member.

Show Comments

Extras

Top Quizzes Today


Score Distribution

Your Account Isn't Verified!

In order to create a playlist on Sporcle, you need to verify the email address you used during registration. Go to your Sporcle Settings to finish the process.

Report this User

Report this user for behavior that violates our Community Guidelines.

Details: